=LDR 00000nam 2200000 4500 =001 NUTBA000000000000101 =005 20200225065658 =035 ##$$a 0010-031400000000100 =008 200225################g##########0#ind## =020 ##$$a 978-979-769-317-6 =090 ##$$b 174.4 =100 ##$$a Agus, arijanto =245 1#$$a Etika bisnis bagi pelaku bisnis : $b Cara cerdas dalam memahami konsep dan faktor-faktor etika bisnis dengan beberapa contoh praktis /$c Agus Arijanto, S.E., M.M =250 ##$$a Ed.1 Cet.2 =260 ##$$a Jakarta :$b Rajawali Pers,$c 2012 =300 ##$$a xii, 190 hlm. : $b ilus. ; $c 15 x 23 cm =850 ##$$a NBPNMAT =082 ##$$a 174.4 =084 ##$$a 174.4 AGU e =650 #4$$a Etika Bisnis =520 ##$$a Biografi : hlm. 189 =990 ##$$a 21303223 =990 ##$$a 21303219 =990 ##$$a 21303221 =990 ##$$a 21303220 =990 ##$$a 21303222 =990 ##$$a 21303219 =990 ##$$a 21303223 =990 ##$$a 21303221 =990 ##$$a 21303220 =990 ##$$a 21303222